| 000 | 00897nam a2200241Ia 4500 | ||
|---|---|---|---|
| 008 | 0000002001 fr ad 0000000000fre00 | ||
| 090 | _aPSZ00 F18v | ||
| 100 | 1 |
_aFavre, Valerie _d1959 |
|
| 245 | 1 | 0 |
_aValerie Favre _b: Sophie et Patrick |
| 300 |
_a96 p. _c/ 21 cm. |
||
| 500 | _aExposición realizada en L'Espal, Le Mans, Enero 12 Marzo 21, 2001 \ Texto bilingue: inglésfrancés \ Con el patronazgo del maestro venezolano Jesús Rafael Soto (q.e.p.d.) | ||
| 600 | 0 | 0 |
_aFAVRE, VALERIE, 1959/ _xTRABAJOS PICTORICOS |
| 650 | 1 | 4 | _aARTE CONTEMPORANEO SUIZO |
| 650 | 1 | 4 | _aARTISTAS PLASTICOS SUIZOS |
| 650 | 1 | 4 | _xCATALOGOS |
| 650 | 1 | 4 | _xEXPOSICIONES |
| 650 | 1 | 4 | _aPINTORES SUIZOS |
| 650 | 1 | 4 | _aPINTURA (TECNICA MIXTA) |
| 650 | 1 | 4 | _aPINTURA AL OLEO |
| 650 | 1 | 4 | _aPINTURA SOBRE TELA |
| 650 | 1 | 4 | _aPINTURA SUIZA |
| 999 |
_c1097 _d1097 |
||
| 260 |
_aLe Mans : L ́Espal Centre culture du Mans _c2001 |
||